<?xml version="1.0" encoding="UTF-8"?>
<record
    xmlns:xsi="http://www.w3.org/2001/XMLSchema-instance"
    xsi:schemaLocation="http://www.loc.gov/MARC21/slim http://www.loc.gov/standards/marcxml/schema/MARC21slim.xsd"
    xmlns="http://www.loc.gov/MARC21/slim">

  <leader>00818ngm a2200205 i 4500</leader>
  <controlfield tag="001">C2-0338125</controlfield>
  <controlfield tag="003">PPAK</controlfield>
  <controlfield tag="005">20180727222523.0</controlfield>
  <controlfield tag="008">160929s2015    txu|||| |||||  |  vleng d</controlfield>
  <datafield tag="040" ind1=" " ind2=" ">
    <subfield code="a">PPAK</subfield>
    <subfield code="b">eng</subfield>
    <subfield code="c">PPAK</subfield>
    <subfield code="e">rda</subfield>
  </datafield>
  <datafield tag="245" ind1="1" ind2="2">
    <subfield code="a">A brave heart : </subfield>
    <subfield code="b">the Lizzie Velasquez story</subfield>
  </datafield>
  <datafield tag="264" ind1=" " ind2="1">
    <subfield code="a">[Austin, Texas] : </subfield>
    <subfield code="b">Women Rising Corporation , </subfield>
    <subfield code="c">2015</subfield>
  </datafield>
  <datafield tag="336" ind1=" " ind2=" ">
    <subfield code="2">rdacontent</subfield>
    <subfield code="a">text</subfield>
  </datafield>
  <datafield tag="337" ind1=" " ind2=" ">
    <subfield code="2">rdamedia</subfield>
    <subfield code="a">unmediated</subfield>
  </datafield>
  <datafield tag="338" ind1=" " ind2=" ">
    <subfield code="2">rdacarrier</subfield>
    <subfield code="a">volume</subfield>
  </datafield>
  <datafield tag="500" ind1=" " ind2=" ">
    <subfield code="a">Summary : A documentary following the life of Lizzie Velasquez, her triumphant journey to the other side of bullying, and her mission to inspire and empower a more positive online environment. ; DVD, NTSC; Dolby Digital 5.1 surround.</subfield>
  </datafield>
  <datafield tag="700" ind1="1" ind2=" ">
    <subfield code="a">Bordo, Sara Hirsh, </subfield>
    <subfield code="e">compile</subfield>
  </datafield>
  <datafield tag="700" ind1="1" ind2=" ">
    <subfield code="a">Roldan, Christopher, </subfield>
    <subfield code="e">editor</subfield>
  </datafield>
  <datafield tag="942" ind1=" " ind2=" ">
    <subfield code="2">ddc</subfield>
    <subfield code="c">DVD</subfield>
  </datafield>
  <datafield tag="999" ind1=" " ind2=" ">
    <subfield code="c">167845</subfield>
    <subfield code="d">167845</subfield>
  </datafield>
  <datafield tag="952" ind1=" " ind2=" ">
    <subfield code="0">0</subfield>
    <subfield code="1">0</subfield>
    <subfield code="2">ddc</subfield>
    <subfield code="4">0</subfield>
    <subfield code="7">1</subfield>
    <subfield code="a">PPAK</subfield>
    <subfield code="b">PPAK</subfield>
    <subfield code="c">RLCK</subfield>
    <subfield code="d">2016-10-09</subfield>
    <subfield code="e">LRC</subfield>
    <subfield code="g">0.00</subfield>
    <subfield code="o">RLCK 363.259680973 CAM</subfield>
    <subfield code="p">A00864163</subfield>
    <subfield code="r">2018-07-05 00:00:00</subfield>
    <subfield code="w">2018-07-05</subfield>
    <subfield code="y">DVD</subfield>
  </datafield>
</record>
